00559nam a2200157 a 450000500170000000800410001702000180005805000230007610000190009924500900011826000480020830000230025652000870027965000220036665000130038820140412111251.0000823s19uu xx 00 eng d a0-06-443299-8 aTR(PS EbRi35 1990 aSheppard, Jeff aRight number of Elephants (The) /cstory by Jeff Sheppard ; pictures by Felicia Bond. aU. S. A :bHarperCollins Publishers,c1990. a1 v. (unp.) ; ill. aA counting book in which a little girl relies on the help of some eager elephants. aElephants-Fiction aCounting